000
00197nam a22000857a 4500
008
161219b xxu||||| |||| 00| 0 eng d
100
_9
2132
_a
Karla V
245
_a
Austin
260
_a
New Delhi
_b
Arya
_c
1974
999
_c
5014
_d
5014